A box can be many things / (Record no. 8452)

MARC details
000 -LEADER
fixed length control field 00986nam a22003017a 4500
001 - CONTROL NUMBER
control field 8452
003 - CONTROL NUMBER IDENTIFIER
control field FISKH
005 - DATE AND TIME OF LATEST TRANSACTION
control field 20250912120853.0
008 - FIXED-LENGTH DATA ELEMENTS--GENERAL INFORMATION
fixed length control field 250912b cb ||||| |||| 00| 0 eng d
020 ## - INTERNATIONAL STANDARD BOOK NUMBER
International Standard Book Number 9780545477529
040 ## - CATALOGING SOURCE
Original cataloging agency FISKH
Language of cataloging eng
Transcribing agency FISKH
Modifying agency FISKH
050 ## - LIBRARY OF CONGRESS CALL NUMBER
Classification number PZ7.R193975 B
082 ## - DEWEY DECIMAL CLASSIFICATION NUMBER
Classification number 390
100 ## - MAIN ENTRY--PERSONAL NAME
Personal name Rau, Dana Meachen
245 ## - TITLE STATEMENT
Title A box can be many things /
Statement of responsibility, etc. By Dana Meachen Rau : Illustrated by Paige Billin-Frye
260 ## - PUBLICATION, DISTRIBUTION, ETC.
Place of publication, distribution, etc. New York :
Name of publisher, distributor, etc. Scholastic ,
Date of publication, distribution, etc. 1997.
300 ## - PHYSICAL DESCRIPTION
Extent 32 pages :
Other physical details color illustrations ;
Dimensions 23 cm .
490 ## - SERIES STATEMENT
Series statement Rookie Readers
Volume/sequential designation Level B
505 ## - FORMATTED CONTENTS NOTE
Formatted contents note F <br/>
520 ## - SUMMARY, ETC.
Summary, etc. A girl and her brother retrieve a large box from the garbage and pretend that it is a cave, car, house, and cage.<br/>
521 8# - TARGET AUDIENCE NOTE
Target audience note 300 <br/>
Source Lexile <br/>
521 8# - TARGET AUDIENCE NOTE
Target audience note F <br/>
Source Raz-Plus <br/>
650 ## - SUBJECT ADDED ENTRY--TOPICAL TERM
Topical term or geographic name entry element Imagination
Form subdivision Children's Books
650 ## - SUBJECT ADDED ENTRY--TOPICAL TERM
Topical term or geographic name entry element Storytime boxes
Form subdivision Children's Books
700 ## - ADDED ENTRY--PERSONAL NAME
Personal name Billin-Frye
Relator term Illustrator
942 ## - ADDED ENTRY ELEMENTS (KOHA)
Source of classification or shelving scheme Dewey Decimal Classification
Koha item type Books
Suppress in OPAC No
Holdings
Withdrawn status Lost status Source of classification or shelving scheme Damaged status Not for loan Collection Home library Current library Shelving location Date acquired Total Checkouts Full call number Barcode Date last seen Price effective from Koha item type
    Dewey Decimal Classification     Juvenile Fiction Footprints International School Library Network Toul Tom Poung Campus Footprints International School Library Network Toul Tom Poung Campus TTP Primary Green Bookshelves 09/12/2025   RAU 390 PZ7.R193975 B FISTK02305 09/12/2025 09/12/2025 Books